Modern electrochemistry: an introduction to an interdiscipinary area

محفوظ في:
التفاصيل البيبلوغرافية
المؤلفون الرئيسيون: Bockris, John O' M (مؤلف), Reddy, Amulya K (مؤلف)
التنسيق: كتاب
اللغة:الإنجليزية
منشور في: Nueva York Plenum 1970
الموضوعات:
الوسوم: إضافة وسم
لا توجد وسوم, كن أول من يضع وسما على هذه التسجيلة!

MARC

LEADER 00000cam a2200000 a 4500
001 UCU3512
003 CL-VaPUC
008 960510e19700000US |||||||||||||||||eng|d
082 0 4 |a 541.37  |b BOC  |2 21 
100 0 |a Bockris, John O' M  |e author  |9 360483 
700 0 |a Reddy, Amulya K  |e author  |9 360484 
245 1 0 |a Modern electrochemistry: an introduction to an interdiscipinary area 
300 |a v 
942 |c BK 
945 |d 19960510 00:00:00  |a cmena 
260 |a Nueva York  |b Plenum  |c 1970 
650 0 |a Electroquímica  |9 263973 
650 0 |a Electricidad  |9 260222 
650 0 |a Termodinámica   |9 259320 
650 0 |a Propiedades eléctricas   |9 271909 
650 7 |a IONES  |2 CL-VaPUC  |9 337399 
650 7 |a PARTICULAS CARGADAS  |2 CL-VaPUC  |9 360485 
650 7 |a PROTONES  |2 CL-VaPUC  |9 360486 
583 |a last modification  |c 20190103 11:06:23  |k Rodrigo Vera 
999 |c 247498  |d 247496 
952 |0 0  |1 0  |4 0  |6 541_370000000000000_BOC_1970  |7 0  |8 A  |9 263457  |a BIBING  |b BIBING  |d 2019-11-19  |h v.1  |i 1651803  |l 2  |m 2  |o 541.37 BOC 1970  |p 1651803  |r 2025-01-20  |s 2024-03-18  |w 2019-11-19  |y BK  |k EIQ 
952 |0 0  |1 0  |4 0  |6 541_370000000000000_BOC_1970  |7 0  |8 A  |9 263458  |a BIBING  |b BIBING  |d 2019-11-19  |h v.2  |i 1651536  |l 1  |o 541.37 BOC 1970  |p 1651536  |r 2025-01-20  |s 2024-03-11  |w 2019-11-19  |y BK  |k EIQ 
952 |0 0  |1 0  |4 0  |6 541_370000000000000_BOC_1970  |7 0  |8 A  |9 263459  |a BIBCUR  |b BIBCUR  |d 2019-11-19  |h v.1  |i 4955102  |o 541.37 BOC 1970  |p 4955102  |r 2025-04-22  |w 2019-11-19  |y BK  |k BCB 
952 |0 0  |1 0  |3 erb  |4 0  |6 541_370000000000000_BOC_1970  |7 0  |8 A  |9 263460  |a BIBING  |b BIBING  |h v.1  |i 5527341  |o 541.37 BOC 1970  |p 5527341  |r 2025-01-20  |w 2019-11-19  |y BK  |z Catalogado en:20190103  |k EIQ 
952 |0 0  |1 0  |3 erb  |4 0  |6 541_370000000000000_BOC_1970  |7 0  |8 A  |9 263461  |a BIBING  |b BIBING  |h v.2  |i 552735K  |o 541.37 BOC 1970  |p 552735K  |r 2025-01-20  |w 2019-11-19  |y BK  |z Catalogado en:20190103  |k EIQ